Real estate taxation in Europe (Record no. 108232)

MARC details
000 -LEADER
fixed length control field 01043cam a22002295a 4500
001 - CONTROL NUMBER
control field L143620
008 - FIXED-LENGTH DATA ELEMENTS--GENERAL INFORMATION
fixed length control field 080521s2008 xxkd f 000 0 eng d
035 ## - SYSTEM CONTROL NUMBER
System control number (Sirsi) u143620
041 0# - LANGUAGE CODE
Language code of text/sound track or separate title eng
050 04 - LIBRARY OF CONGRESS CALL NUMBER
Classification number 336.22 $2 22
110 2# - MAIN ENTRY--CORPORATE NAME
Corporate name or jurisdiction name as entry element Baker and McKenzie
9 (RLIN) 3073
245 00 - TITLE STATEMENT
Title Real estate taxation in Europe
260 ## - PUBLICATION, DISTRIBUTION, ETC.
Place of publication, distribution, etc. Paris
Name of publisher, distributor, etc. Baker and McKenzie
Date of publication, distribution, etc. 2008
300 ## - PHYSICAL DESCRIPTION
Extent 183p.
Other physical details ill.
Dimensions 21cm.
520 ## - SUMMARY, ETC.
Summary, etc. Summarises the tax treatment of real estate investments in 18 European countries, from the acquisition phase to the time of disposal as of the year 2008. Provides an overview of the main tax rates that are relevant to the real estate sector. Aims to provide the reader with information to help design a tax strategy when investing in European real estate. Presented on a country by country basis.
521 20 - TARGET AUDIENCE NOTE
Target audience note Advanced
590 ## - LOCAL NOTE (RLIN)
Local note KA
651 #4 - SUBJECT ADDED ENTRY--GEOGRAPHIC NAME
Geographic name England and Wales
Chronological subdivision 1543-
690 ## - LOCAL SUBJECT ADDED ENTRY--TOPICAL TERM (OCLC, RLIN)
Topical term or geographic name as entry element PROPERTY-COMMERCIAL PROPERTY-COMMERCIAL PROPERTY TAXATION-COMMERCIAL PROPERTY TAXATION VALUATION
700 1# - ADDED ENTRY--PERSONAL NAME
Personal name Mesmin, Olivier
942 ## - ADDED ENTRY ELEMENTS (KOHA)
Suppress in OPAC 0
Holdings
Withdrawn status Lost status Source of classification or shelving scheme Damaged status Not for loan Home library Current library Shelving location Date acquired Total Checkouts Full call number Barcode Date last seen Date last checked out Copy number Price effective from Koha item type
    Dewey Decimal Classification     London London Books 21/05/2008 2 336.22 BAK 30074371 06/08/2019 12/05/2009 1 06/08/2019 Book